| 000 | 00988nam a2200217Ia 4500 | ||
|---|---|---|---|
| 001 | 19421 | ||
| 003 | GE_BSU | ||
| 008 | 181216s||||||||xx |||||||||||||| ||und|| | ||
| 040 | _cGE_BSU | ||
| 245 | _aიბერიულ-კავკასიური ენათმეცნიერება V = иберийско-кавказкое языкознание=IVERO-CAUCASIA | ||
| 245 | _cრედ: ქ.ლომთათიძე,ივ.გიგინეიშვილი | ||
| 260 | _aთბილისი | ||
| 260 | _bსაქართველოს სსრ მეცნიერებათა აკადემიის გამომცემლობა | ||
| 260 | _c1953 | ||
| 300 | _a529გვ;24სმ. | ||
| 541 | _h4ლ.50თ. | ||
| 653 | _aენათმეცნიერება | ||
| 653 | _aიბერიულ-კავკასიური ენათმეცნიერება V | ||
| 653 | _aქართული ენა | ||
| 942 | _cBK | ||
| 999 |
_c52401 _d52401 |
||